| 000 | 00643nam a2200193 u 4500 | ||
|---|---|---|---|
| 005 | 20210223131257.0 | ||
| 008 | 100511s2009 r 000 0 eng d | ||
| 020 | _a9788480768153 | ||
| 035 | _aUPN01000175710 | ||
| 049 | _aCG | ||
| 050 | 4 |
_aTD171.7 _bB4.2 |
|
| 100 | 1 |
_aBerry, Siân _934863 |
|
| 245 | 1 | 0 |
_a50 ideas para comprar de forma más ecológica / _cSiân Berry ; tr. Clara Melús García. |
| 260 |
_aBarcelona, Esp. : _bBlume, _c2009. |
||
| 300 |
_a128 p. : _bil. col. |
||
| 534 |
_pTítulo original: _t50 ways to save water & energy |
||
| 650 | 4 |
_aPROTECCION DEL MEDIO AMBIENTE - _xPARTICIPACION CIUDADANA _918068 |
|
| 905 | _aLibro | ||
| 999 |
_c147813 _d147813 |
||